000 00333nam a2200145Ia 4500
005 20251222151326.0
008 251222s9999||||xx |||||||||||||| ||spa||
020 _a843090686X
082 _a335.412/U72
100 _aUreƱa, Enrique M.
245 0 _aKarl Marx Economista:
250 _a1ra. ed.
264 _bTecnos
942 _cLIB
999 _c23909
_d23909